000 01064nam a2200301 a 4500
001 52903
003 BD-RjUL
005 20211209075858.0
008 190224s1951 enka 001 0 eng d
035 _aOCLC ocm09049743 from D970823M
035 _a(BD-RjUL)53023
040 _aSOI
_cSOI
_dSOI
_dESU
_dEQO
_dBD-RjUL
_beng
041 _aeng
082 _223
_a630
_bFRE 1951
245 1 0 _aFream's elements of agriculture :
_ba textbook prepared under the authority of the Royal Agricultural Society of England /
_coriginally edited by the late W. Fream.
250 _a13th ed., rev. and reprinted /
_bedited by D.H. Robinson.
260 _aLondon :
_bJ. Murray,
_c1951.
300 _axi, 723 p. :
_bill. ;
_c22 cm.
500 _aIncludes index.
650 0 _aAgriculture.
_9228544
700 1 _aFream, William,
_d1854-1906.
_9217207
700 1 _aRobinson, D. H.
_q(Douglas Hepworth)
_9228547
710 2 _aRoyal Agricultural Society of England.
_9228546
942 _2ddc
_cBK
999 _c52903
_d52903